Fishes of lakes, rivers & oceans : (Record no. 479)

MARC details
000 -LEADER
fixed length control field 01011nam a2200313 i 4500
005 - DATE AND TIME OF LATEST TRANSACTION
control field 20260322212021.0
008 - FIXED-LENGTH DATA ELEMENTS--GENERAL INFORMATION
fixed length control field data
010 ## - LIBRARY OF CONGRESS CONTROL NUMBER
LC control number 78051971
020 ## - INTERNATIONAL STANDARD BOOK NUMBER
International Standard Book Number 0913948209
020 ## - INTERNATIONAL STANDARD BOOK NUMBER
International Standard Book Number 9780913948200
040 ## - CATALOGING SOURCE
Original cataloging agency DLC
Transcribing agency DLC
Modifying agency DLC
042 ## - AUTHENTICATION CODE
Authentication code lcac
050 00 - LIBRARY OF CONGRESS CALL NUMBER
Classification number QL617
Item number .D69
082 00 - DEWEY DECIMAL CLASSIFICATION NUMBER
Classification number 597
092 ## - LOCALLY ASSIGNED DEWEY CALL NUMBER (OCLC)
Classification number 597 D69 1978
001 - CONTROL NUMBER
control field data
100 1# - MAIN ENTRY--PERSONAL NAME
Personal name Dozier, Thomas A.
245 10 - TITLE STATEMENT
Title Fishes of lakes, rivers & oceans :
Remainder of title based on the television series Wild, wild world of animals /
Statement of responsibility, etc. Thomas A. Dozier & Time-Life Television.
260 ## - PUBLICATION, DISTRIBUTION, ETC.
Place of publication, distribution, etc. [New York] :
Name of publisher, distributor, etc. Time-Life Films,
Date of publication, distribution, etc. c1978.
300 ## - PHYSICAL DESCRIPTION
Extent 128 p. :
Other physical details ill. (some col.) ;
Dimensions 28 cm.
440 #0 - SERIES STATEMENT/ADDED ENTRY--TITLE
Title Wild, wild world of animals
500 ## - GENERAL NOTE
General note A Time-Life Television book; consultants, C. L. Smith, J. W. Atz.
500 ## - GENERAL NOTE
General note Includes index.
504 ## - BIBLIOGRAPHY, ETC. NOTE
Bibliography, etc. note Bibliography: p. 126.
520 ## - SUMMARY, ETC.
Summary, etc. Discusses fishes inhabiting lakes, rivers, estuaries, coastal waters, and the deep sea.
650 #0 - SUBJECT ADDED ENTRY--TOPICAL TERM
Topical term or geographic name entry element Fishes.
650 #1 - SUBJECT ADDED ENTRY--TOPICAL TERM
Topical term or geographic name entry element Fishes.
710 2# - ADDED ENTRY--CORPORATE NAME
Corporate name or jurisdiction name as entry element Time-Life Television.
Holdings
Withdrawn status Lost status Damaged status Not for loan Home library Current library Shelving location Date acquired Total checkouts Full call number Barcode Date last seen Price effective from Koha item type
        Centerville Centerville General stacks 22/03/2026   597 BC0010490 22/03/2026 22/03/2026 Books